Kaz Bałagane - Źródło - Statystyki

Ogólne statystyki
  • Ten quiz został rozwiązany 4 razy
  • Średni wynik to 9 z 15
Statystyki odpowiedzi
Źródło % Poprawnych
Do następnego
100%
Intro
100%
Korpotwarze
100%
Klasa robotnicza albo przypał
75%
Ogony
75%
Ona to chyba lubi
75%
Książę nieporządek 2
50%
Narkos
50%
Polska Wersja
50%
Zostawiłem to
50%
Blok
25%
Miejsca i role
25%
Na żywo
25%
Nic na siłę
25%
Za daleki odlot
25%
Nie znaleziono quizów pasujących do podanych kryteriów
Rozkład punktacji
Procent ludzi z każdym wynikiem
Percentyl według liczby udzielonych odpowiedzi
Twoja historia wyników
Nie rozwiązałeś tego quizu